000 00355nam a2200157Ia 4500
003 Ost
005 20260225132541.0
008 260225s9999||||xx |||||||||||||| ||und||
040 _cfsic
041 _afre
082 _a647.7
100 _aluc Benoist
_eAuteur
245 0 _aLe Compagnonnage et les metiers /
245 0 _cluc Benoist
942 _cكتاب
999 _c33544
_d33544